000 00802nam a22002177a 4500
003 0
005 20250822112524.0
008 250822b xxu||||| |||| 00| 0 eng d
020 _a978-0-19-842359-1
050 _aTR IB QC 23.2
_b.H66 2018
100 _aHomer, David,
_eauthor.
245 _aPhysics :
_bfor the IB Diploma: course preparation /
_cDavid Homer.
260 _aOxford, United Kingdom :
_bOxford University Press,
_c2018.
300 _aViii, 176 pages :
_bcolor illustrations ;
_c30 cm.
500 _aOxford IB Course Preparation.
504 _aIncludes bibliographical references and index.
650 _aPhysics
_vStudy and teaching (Secondary)
_vTextbooks.
650 _aPhysics
_vProblems, exercises, etc.
650 _aInternational baccalaureate
_vTextbooks.
942 _2lcc
_cBK
999 _c367567
_d367567